| 000 | 00648nam a22002172 4500 | ||
|---|---|---|---|
| 001 | 0000000918 | ||
| 005 | 20151021151050.0 | ||
| 008 | 070222s xx 000 0 eng d | ||
| 020 | _cKES 2,900 | ||
| 040 |
_aKABU _cKABU |
||
| 050 | 0 |
_aBT75 _b.T39 1979 |
|
| 100 | 1 |
_aThiessen, Henry Clarence. _@0000159912 |
|
| 245 | 1 | 0 |
_aLectures in systematic theology / _cHenry Clarence Thiessen. |
| 250 | _arev. ed. | ||
| 260 |
_aGrand Rapids, Michigan : _bW. M. B. Eerdmans, _c1979. |
||
| 300 | _a454 p. | ||
| 650 | 0 |
_aTheology, Doctrinal. _@0000100890 |
|
| 908 | _a070222 | ||
| 950 | _@1 | ||
| 999 |
_c285 _d285 |
||